[Event "Crema op 11th"]
[Site "Crema"]
[Date "2009.09.05"]
[Round "3"]
[White "Cantoro, Daniele"]
[Black "Magrini, Fabrizio"]
[Result "1-0"]
[WhiteElo "1961"]
[BlackElo "2150"]
[PlyCount "33"]
[EventDate "2009.09.04"]
[EventType "swiss"]
[EventRounds "6"]
[EventCountry "ITA"]
[SourceTitle "EXT 2011"]
[Source "ChessBase"]
[SourceDate "2010.11.26"]
[SourceVersion "1"]
[SourceVersionDate "2010.11.26"]
[SourceQuality "1"]

1. e4 c5 2. Nf3 Nc6 3. d4 cxd4 4. Nxd4 Nf6 5. Nc3 e5 6. Ndb5 d6 7. Bg5 a6 8. Na3 b5 9. Bxf6 gxf6 10. Nd5 f5 11. c3 Bg7 12. Bd3 Be6 13. Qh5 0-0 14. Nc7 Qxc7 15. exf5 Bc4 16. Nxc4 bxc4 17. f6 1-0

[Event "Milan Crespi op 27th"]
[Site "Milan"]
[Date "2006.12.08"]
[Round "2"]
[White "Festa, Samuele"]
[Black "Magrini, Fabrizio"]
[Result "1/2-1/2"]
[WhiteElo "2017"]
[BlackElo "2141"]
[PlyCount "93"]
[EventDate "2006.12.07"]
[EventType "swiss"]
[EventRounds "6"]
[EventCountry "ITA"]
[SourceTitle "EXT 2008"]
[Source "ChessBase"]
[SourceDate "2007.11.25"]
[SourceVersion "1"]
[SourceVersionDate "2007.11.25"]
[SourceQuality "1"]

1. c4 Nf6 2. Nc3 g6 3. g3 Bg7 4. Bg2 c5 5. Nf3 Nc6 6. d4 cxd4 7. Nxd4 0-0 8. 0-0 a6 9. Rb1 h6 10. Nc2 d6 11. h3 Rb8 12. Ne3 Be6 13. Qd2 Qc8 14. Kh2 b5 15. cxb5 axb5 16. Ncd5 Re8 17. b3 Qa6 18. Nc7 Qb6 19. Nxe8 Rxe8 20. Bb2 Ne5 21. Rbc1 Qa7 22. Bd4 Qb8 23. Qa5 d5 24. Qc7 Ne4 25. Qxb8 Rxb8 26. Bxe4 dxe4 27. Rfd1 Ra8 28. Rd2 f5 29. Kg2 Rd8 30. Rcd1 g5 31. Bc3 Rxd2 32. Rxd2 Kf7 33. Bb2 f4 34. gxf4 gxf4 35. Ng4 Nxg4 36. Bxg7 Nxf2 37. Bxh6 Bxh3+ 38. Kh2 e3 39. Rb2 e5 40. a4 Bd7 41. Bg5 bxa4 42. bxa4 Bxa4 43. Rb4 Bd1 44. Bxf4 exf4 45. Rxf4+ Kg6 46. Rxf2 exf2 47. Kg2 1/2-1/2

[Event "Bratto op 26th"]
[Site "Bratto"]
[Date "2006.08.27"]
[Round "9"]
[White "Magrini, Fabrizio"]
[Black "Voltolini, Giuseppe"]
[Result "1/2-1/2"]
[WhiteElo "2119"]
[BlackElo "2216"]
[PlyCount "118"]
[EventDate "2006.08.19"]
[EventType "swiss"]
[EventRounds "9"]
[EventCountry "ITA"]
[SourceTitle "CBM 113 Extra"]
[Source "ChessBase"]
[SourceDate "2006.09.14"]
[SourceVersion "1"]
[SourceVersionDate "2006.09.14"]
[SourceQuality "1"]

1. e4 c5 2. Nf3 Nc6 3. d4 cxd4 4. Nxd4 Nf6 5. Nc3 d6 6. Bg5 e6 7. Qd2 a6 8. 0-0-0 Bd7 9. f4 b5 10. Nxc6 Bxc6 11. Bd3 Qa5 12. Kb1 b4 13. Bxf6 gxf6 14. Ne2 Qc5 15. Rhf1 a5 16. f5 e5 17. b3 h5 18. Qe1 Bh6 19. Rf3 a4 20. Rh3 Ke7 21. Nc1 Rhg8 22. Qg1 Bxc1 23. Rxc1 Qc3 24. Qe1 axb3 25. cxb3 Qxe1 26. Rxe1 Rxg2 27. Rc1 Rgxa2 28. Rxh5 Ra1+ 29. Kc2 Rxc1+ 30. Kxc1 Rg8 31. Kd2 Rg4 32. Ke3 d5 33. exd5 Bxd5 34. Bc2 Rg2 35. Bd1 Rb2 36. Rh4 e4 37. Be2 Rxb3+ 38. Kd4 Bb7 39. Bc4 Rc3 40. Rh7 Kd6 41. Rh6 Rxc4+ 42. Kxc4 Ke5 43. Kxb4 Kxf5 44. h4 Ba6 45. h5 Be2 46. Rh8 Bf3 47. h6 Kg5 48. Kc3 f5 49. Kd4 Bh5 50. Rg8+ Kxh6 51. Ke3 Bg4 52. Kf4 Kh7 53. Rb8 Kg7 54. Rb6 Kf8 55. Rb7 Ke8 56. Ra7 Bd1 57. Ra5 Bg4 58. Ra7 Kf8 59. Rb7 Kg7 1/2-1/2

[Event "Bratto op 26th"]
[Site "Bratto"]
[Date "2006.08.26"]
[Round "8"]
[White "Pantaleoni, Claudio"]
[Black "Magrini, Fabrizio"]
[Result "1/2-1/2"]
[WhiteElo "2222"]
[BlackElo "2119"]
[PlyCount "69"]
[EventDate "2006.08.19"]
[EventType "swiss"]
[EventRounds "9"]
[EventCountry "ITA"]
[SourceTitle "CBM 113 Extra"]
[Source "ChessBase"]
[SourceDate "2006.09.14"]
[SourceVersion "1"]
[SourceVersionDate "2006.09.14"]
[SourceQuality "1"]

1. Nf3 Nf6 2. c4 g6 3. Nc3 Bg7 4. e4 d6 5. d4 0-0 6. h3 c5 7. d5 e5 8. Bd3 a6 9. g4 Bd7 10. a4 b6 11. Bg5 h6 12. Be3 Ne8 13. Rg1 Ra7 14. h4 Rb7 15. h5 g5 16. Nd2 Nc7 17. Qe2 f6 18. Kf1 Qe8 19. Nb3 a5 20. Kg2 Nba6 21. Nb5 Qe7 22. Nd2 Nb4 23. f3 Ra8 24. Nc3 Bf8 25. Nf1 Ne8 26. Ng3 Kh7 27. Nf5 Qd8 28. Qd2 Nc7 29. Raf1 Kh8 30. Bb1 Ne8 31. Rf2 Bc8 32. Rgf1 Bxf5 33. exf5 Rg7 34. Ne4 Raa7 35. b3 1/2-1/2

[Event "Bratto op 26th"]
[Site "Bratto"]
[Date "2006.08.24"]
[Round "6"]
[White "Nardi, Marco"]
[Black "Magrini, Fabrizio"]
[Result "0-1"]
[WhiteElo "2045"]
[BlackElo "2119"]
[PlyCount "60"]
[EventDate "2006.08.19"]
[EventType "swiss"]
[EventRounds "9"]
[EventCountry "ITA"]
[SourceTitle "CBM 113 Extra"]
[Source "ChessBase"]
[SourceDate "2006.09.14"]
[SourceVersion "1"]
[SourceVersionDate "2006.09.14"]
[SourceQuality "1"]

1. d4 Nf6 2. Nc3 c5 3. Nf3 cxd4 4. Nxd4 Nc6 5. Bg5 a6 6. Bxf6 gxf6 7. e4 e6 8. Bc4 Qb6 9. Nde2 Ne5 10. Bb3 Bc5 11. f3 Rg8 12. Kf1 Qc7 13. Qd2 b5 14. Nf4 Bb7 15. Nd3 Ba7 16. Nxe5 Qxe5 17. Rd1 0-0-0 18. a4 Qc5 19. axb5 axb5 20. g3 h5 21. Kg2 h4 22. Rhf1 hxg3 23. hxg3 Rxg3+ 24. Kxg3 Qh5 25. Qf4 Rg8+ 26. Qg4 Bb8+ 27. Kf2 Qh2+ 28. Ke3 Rxg4 29. fxg4 Ba7+ 30. Rd4 Qh3+ 0-1

[Event "Bratto op 26th"]
[Site "Bratto"]
[Date "2006.08.19"]
[Round "1"]
[White "Magrini, Fabrizio"]
[Black "Efimov, Igor"]
[Result "0-1"]
[WhiteElo "2119"]
[BlackElo "2439"]
[PlyCount "44"]
[EventDate "2006.08.19"]
[EventType "swiss"]
[EventRounds "9"]
[EventCountry "ITA"]
[SourceTitle "CBM 113 Extra"]
[Source "ChessBase"]
[SourceDate "2006.09.14"]
[SourceVersion "1"]
[SourceVersionDate "2006.09.14"]
[SourceQuality "1"]

1. e4 c5 2. Nf3 Nc6 3. d4 cxd4 4. Nxd4 Nf6 5. Nc3 d6 6. Bg5 Bd7 7. Qd2 Rc8 8. f4 Nxd4 9. Qxd4 Qa5 10. Bc4 e6 11. 0-0-0 Qc5 12. Bb3 Qxd4 13. Rxd4 h6 14. Bh4 Bc6 15. Rhd1 Nd7 16. f5 Nc5 17. Re1 Be7 18. Bxe7 Kxe7 19. g4 b5 20. h4 a5 21. fxe6 fxe6 22. Nd5+ Bxd5 0-1

[Event "Milan Crespi op 26th"]
[Site "Milan"]
[Date "2005.12.11"]
[Round "7"]
[White "Magrini, Fabrizio"]
[Black "Attianese, Aniello"]
[Result "1/2-1/2"]
[WhiteElo "2067"]
[BlackElo "1974"]
[PlyCount "41"]
[EventDate "2005.12.07"]
[EventType "swiss"]
[EventRounds "7"]
[EventCountry "ITA"]
[SourceTitle "EXT 2007"]
[Source "ChessBase"]
[SourceDate "2006.11.23"]
[SourceVersion "1"]
[SourceVersionDate "2006.11.23"]
[SourceQuality "1"]

1. e4 e6 2. d4 d5 3. Nc3 Bb4 4. e5 c5 5. a3 Ba5 6. b4 cxd4 7. Nb5 Bc7 8. f4 Ne7 9. Nf3 Nbc6 10. Nxc7+ Qxc7 11. Bd3 Bd7 12. 0-0 Rc8 13. Bb2 g6 14. Kh1 a6 15. Nxd4 Nxd4 16. Bxd4 Bb5 17. Rc1 Bxd3 18. cxd3 Qxc1 19. Qxc1 Rxc1 20. Rxc1 Kd7 21. Kg1 1/2-1/2

[Event "Milan Crespi op 26th"]
[Site "Milan"]
[Date "2005.12.10"]
[Round "5"]
[White "Magrini, Fabrizio"]
[Black "Bernago, Federico"]
[Result "1/2-1/2"]
[WhiteElo "2067"]
[BlackElo "1981"]
[PlyCount "123"]
[EventDate "2005.12.07"]
[EventType "swiss"]
[EventRounds "7"]
[EventCountry "ITA"]
[SourceTitle "EXT 2007"]
[Source "ChessBase"]
[SourceDate "2006.11.23"]
[SourceVersion "1"]
[SourceVersionDate "2006.11.23"]
[SourceQuality "1"]

1. c4 e5 2. Nc3 Nc6 3. g3 g6 4. Bg2 Bg7 5. b3 d6 6. Bb2 f5 7. Nd5 Nce7 8. e3 c6 9. Nxe7 Nxe7 10. Ne2 0-0 11. 0-0 g5 12. f4 Ng6 13. Qc2 h6 14. Kh1 Qe7 15. e4 gxf4 16. gxf4 Nh4 17. Rg1 fxe4 18. Bxe4 Nf5 19. fxe5 dxe5 20. Ng3 Nxg3+ 21. Rxg3 Kf7 22. d4 Ke8 23. Rag1 Bh8 24. dxe5 Be6 25. Qd2 Rd8 26. Qxh6 Kd7 27. Qe3 b6 28. a4 Kc7 29. a5 Qb4 30. axb6+ axb6 31. Ra1 Ra8 32. Qc1 Rxa1 33. Qxa1 Qa5 34. Qg1 Qd2 35. Bc3 Qf4 36. Bg2 Bxe5 37. Bxe5+ Qxe5 38. Re3 Qd6 39. Qe1 Bd7 40. b4 Rh8 41. h3 Qh6 42. c5 b5 43. Qg3+ Kc8 44. Ra3 Kb7 45. Rd3 Rh7 46. Kh2 Rg7 47. Qf3 Qe6 48. Re3 Qg6 49. Re2 Rh7 50. Rf2 Qh6 51. Qe3 Qe6 52. Qc3 Re7 53. Rd2 Qf5 54. Qg3 Qe6 55. Rd6 Qf5 56. Rd2 Qe6 57. Rd4 Qf5 58. Qd6 Rg7 59. Rd2 Rh7 60. Qd3 Qf4+ 61. Kg1 Re7 62. Rd1 1/2-1/2

[Event "Milan Crespi op 26th"]
[Site "Milan"]
[Date "2005.12.09"]
[Round "4"]
[White "Facchetti, Gianni"]
[Black "Magrini, Fabrizio"]
[Result "1-0"]
[WhiteElo "2123"]
[BlackElo "2067"]
[PlyCount "53"]
[EventDate "2005.12.07"]
[EventType "swiss"]
[EventRounds "7"]
[EventCountry "ITA"]
[SourceTitle "EXT 2007"]
[Source "ChessBase"]
[SourceDate "2006.11.23"]
[SourceVersion "1"]
[SourceVersionDate "2006.11.23"]
[SourceQuality "1"]

1. e4 c5 2. Nf3 a6 3. c3 d5 4. exd5 Qxd5 5. d4 e6 6. Be2 Nf6 7. 0-0 Be7 8. Nbd2 Nc6 9. Nc4 Qd8 10. dxc5 Qxd1 11. Rxd1 Bxc5 12. b4 b5 13. bxc5 bxc4 14. Nd4 Bd7 15. Ba3 Ne5 16. f4 Neg4 17. c6 Bc8 18. Nc2 e5 19. h3 Bf5 20. hxg4 Bxc2 21. Rd2 Be4 22. fxe5 Nd5 23. Bxc4 Ne3 24. Bb3 Bxc6 25. g5 g6 26. Re1 Nf5 27. e6 1-0